Projekčně programová dokumentace

Využívanie výpočtovej techniky pri projekčno-programovej dokumentácii: účel, obsah a forma, zaistenie a vedenie ako súčasť vnútorného kontrolného systému.

Gespeichert in:
Bibliographische Detailangaben
1. Verfasser: Svatá, Vlasta
Format: Buchkapitel
Sprache:Tschechisch
Schlagworte:
Tags: Tag hinzufügen
Keine Tags, Fügen Sie das erste Tag hinzu!

MARC

LEADER 00000naa a2200000 4500
001 r018429
005 20221208131536.1
041 0 |a cze 
044 |a CZ 
245 1 0 |a Projekčně programová dokumentace  |c Vlasta Svatá 
520 |a Využívanie výpočtovej techniky pri projekčno-programovej dokumentácii: účel, obsah a forma, zaistenie a vedenie ako súčasť vnútorného kontrolného systému. 
610 2 0 |a technika výpočtová 
610 2 0 |a dokumentácia 
100 1 |a Svatá, Vlasta